Science Quiz

Random Science or Astronomy Quiz

Guess the Moon Quiz Stats

 Plays Quiz Updated Feb 22, 2019

Score 0/30 Timer 06:00
0 Plays Today
Clue Moon % Correct
Warren, or Ban Ki-Moon
92.9%
Earth's continent with a changed letterEuropa
77.3%
A book of mapsAtlas
72.9%
Kitchen implement used for fryingPan
70.4%
Can't play hockey without onePuck
70%
Member of a Nashville-based pro sports teamTitan
65.5%
First name of the UK's first female Prime MinisterMargaret
63.2%
Disney character who traded voice for legsAriel
61.9%
The right to silence given by police in the USAMiranda
60.3%
Masseuse and singer in the sitcom 'Friends'Phoebe
59.1%
Two-faced figure who gave us the first month of the yearJanus
59%
Twenty-four hours in a Spanish speaking countryDia
55.6%
Short for a Latin phrase meaning 'respectively, in that order'Io
54.5%
One of Santa Claus's reindeerCupid
48.6%
Female Italian name meaning 'white'Bianca
45%
Clue Moon % Correct
Rock band known for the songs 'Mr Roboto' and 'Come Sail Away'Styx
42%
The king of the fairies in 'A Midsummer Night's Dream'Oberon
39.7%
Othello's wifeDesdemona
36.3%
Pongo's mate in '101 Dalmatians'Perdita
29.9%
Werewolf in the 'Harry Potter' seriesFenrir
27.2%
Large bird native to South AmericaRhea
26.3%
Surname of former English footballer RioFerdinand
25.9%
Dan Simmons decorated sci-fi novelHyperion
22.6%
A genre of Caribbean folk musicCalypso
20%
Cabbage cultivar whose leaves do not form a headKale
16.4%
Object of affection for teenage diarist Adrian MolePandora
13.6%
Orlando's lover in 'As You Like It'Rosalind
12.1%
An ocean from the Mesozoic eraTethys
11.1%
A mesh cap decorated with pearls, beads or jewelsJuliet
11%
The species of alien faced in the 2005 'Doctor Who' Christmas specialSycorax
8.2%

You're not logged in!

Compare scores with friends on all Sporcle quizzes.
OR
Log In

Sporcle TV

Today on Sporcle TV


Watch our educational content, quiz creation guides, and fun videos on Sporcle TV.

Show Comments

Extras

Top Quizzes Today


Score Distribution

Your Account Isn't Verified!

In order to create a playlist on Sporcle, you need to verify the email address you used during registration. Go to your Sporcle Settings to finish the process.

Report this User

Report this user for behavior that violates our Community Guidelines.

Details: